The Line - Twenty One Pilots Lyrics - Statistics

General Stats
  • This quiz has been taken 259 times
  • The average score is 185 of 221
Answer Stats
Answer % Correct
I
98%
line
97%
line?
97%
My
97%
my
97%
the
97%
The
97%
can
96%
now
96%
on
96%
Did
95%
feel
95%
you
95%
you?
95%
body's
94%
can't
94%
face
94%
cross
93%
disappoint
93%
light
93%
me
92%
shine
92%
this
90%
time
90%
If
89%
over
89%
let
88%
a
85%
fight
84%
be
83%
for
83%
Will
82%
they
80%
still
77%
Stay
76%
stay
76%
your
75%
Take
74%
eyes
73%
because
72%
before
72%
final
71%
pretty
71%
was
71%
who
71%
with
71%
not
70%
form
69%
But
68%
seat
68%
could
66%
What
64%
here
63%
of
62%
course
60%
Keep
60%
So
60%
see
59%
to
59%
memories
58%
Please,
54%
them
54%
don't
52%
I'd
52%
rather
52%
prepared
51%
left
50%
nothing
49%
Pull
49%
try
49%
there's
48%
blanket
47%
fully
46%
Honestly
45%
never
45%
really
45%
thought
45%
tight
45%
Sure
43%
faced
41%
fears
41%
guess
40%
in
39%
store
36%
threshold
30%
No matching quizzes found
Score Distribution
Percent of People with Each Score
Percentile by Number Answered
Your Score History
You have not taken this quiz